00857nam a22002177a 4500999001700000003000900017008004100026040007100067082002500138100001900163245005000182260003600232300002700268505013600295650002400431650002400455650001900479942001600498945002000514952010500534 c13174d13174AR-CdUCM190411b ||||| |||| 00| 0 spa d aMUNICIPALIDAD PROVINCIAL DEL CUSCOcBIBLIOTECA MUNICIPAL DEL CUSCO a347.6 /bF516 / 1944 aFinzi, Marcelo aQuiebra culpable y relación de causalidad / aBuenos Aires :bDepalma,c1944. a37 páginas ;c24 cm. aContenido: El problema planteado -- Un problema previo (Ley penal que rige la quiebra culpable) -- Se vuelve al problema planteado. aDerecho penal95831 aLegislación92962 aArgentina9511 2ddccLIBROS acmmd2019-04-11 002ddc4070aSCAbSCAcCARTd2019-04-11g20.00o347.6 / F516 / 1944pSCA0002556r2019-04-11yLIBROS